000 02475nam a22003977a 4500
001 42835
003 gtgccic
005 20251121154151.0
007 ta
008 251121b gt ||||| |||| 00| 0 spa d
040 _agtgccic
_bspa
_cgtgccic
_erda
084 _0TPI-17-0124
100 1 0 _aMenphis Sofonias Reyes Mazariegos
_dIngeniero Industrial
_eautor
245 1 0 _aImplementación de un sistema de administración y manejo de inventarios en la bodega
_bde materia prima de una empresa productora de Agroquímicos, mediante un sistema ABC /
_cReyes Mazariegos, Menphis Sofonias
264 1 _aGuatemala, Guatemala :
_bUSAC, Facultad de Ingeniería ;
_c2017.-
300 _axix, 82 p. :
_bil. ;
_c27 cm
336 _2rdacontenido
_aTexto
_btxt
337 _2rdamedio
_asin mediación
_bn
338 _2rdasoporte
_avolumen
_bnc
502 _aTesis Postgrado
_bMAESTRO EN ARTES EN GESTIÓN INDUSTRIAL
_cUSAC, Facultad de Ingeniería, Escuela de Postgrado
_d2017
_oTPI-17-0124
504 _aBibliografía pag. 77
505 _t1. MARCO TEÓRICO
505 _g1.1 Empresa de agroquímicos
505 _g1.2 Pesticidad y agroquímicos
505 _t2. PRESENTACIÓN DE RESULTADOS
505 _g2.1 Estimación de pronósticos de demanda
505 _t3. PROPUESTA: SISTEMA DE GESTIÓN DE INVENTARIOS
505 _t4. DISCUSIÓN DE RESULTADOS
520 3 _aLa adopción de un sistema incorrecto de getión de inventarios de la empresa en estudio, ocasionaba retrasos en producción y una serie de costos innecesarios que permitiera mejorar la gestión de las materias primas disponibles en la bodega, mediante la utilización de un sistema ABC, basado en la clasificación del costo de los inventarios, se construyeron las bases para el sistema de gestión propuesto; permitiendo en conjunto con el establecimiento de pronósticos de la demanda, la creación de sistemas de conteo cíclico y la parametrización de inventarios, contar con la certeza de los niveles de inventario necesarios para evitar los costos innecesarios asociados. Se logró minimizar el indicador de paros de producción, un indicador indirecto del desaprovisionamiento, con lo cual la producción fluyó con mejor exactitud y los costos incurridos por paros de producción bajaron.
650 _aMATERIAS PRIMAS
650 _aADMINISTRACIÓN
650 _aMANEJO DE INVENTARIOS
700 _aLicda. M. Sc. Olivia Dorandina Malin Leonardo
_easesor
942 _2ddc
_cTPS
945 _aamlo
999 _c2538
_d2538